[Event "Millennium II Open"]
[Site "Virginia Beach USA"]
[Date "2001.03.04"]
[Round "4"]
[White "Shabalov,A"]
[Black "Negulescu,A"]
[Result "1/2-1/2"]
[WhiteElo "2609"]
[BlackElo "2510"]

1.e4 e6 2.d4 d5 3.e5 c5 4.c3 Qb6 5.Nf3 Bd7 6.a3 Bb5 7.c4 Bxc4 8.Bxc4 dxc4
9.d5 Qb3 10.Qxb3 cxb3 11.dxe6 fxe6 12.Nbd2 Nc6 13.Nxb3 h6 14.Be3 b6 15.Ke2 Nge7
16.Nbd2 Ng6 17.Nc4 Be7 18.Rhd1 O-O 19.Rd7 Rad8 20.Rc7 Rc8 21.Rxc8 Rxc8 22.Rd1 Rd8
23.Rxd8+ Bxd8 24.Kd3 Bc7 25.Ke4 Kf7 26.h4 Nf8 27.a4 Nd7 28.h5 a6 29.b3 Nb4
30.Nfd2 Nc2 31.f4 b5 32.axb5 axb5 33.Nb2 Ba5 34.Nb1 Bb6 35.Bf2 c4 36.Bxb6 Nxb6
37.bxc4 bxc4 38.Nc3 Nd5 39.Nxd5 exd5+ 40.Kxd5 Ne3+ 41.Kd6 Nxg2 42.Nxc4 Nxf4
43.Kd7 g6 44.Nd6+  1/2-1/2

[Event "Rapidplay"]
[Site "Liepaja LAT"]
[Date "2001.08.02"]
[Round "2"]
[White "Dlugy,M"]
[Black "Shabalov,A"]
[Result "0-1"]
[WhiteElo "2531"]
[BlackElo "2574"]

1.d4 e6 2.c4 b6 3.Nf3 Bb7 4.g3 Bb4+ 5.Nbd2 c5 6.Bg2 Nf6 7.O-O cxd4 8.Nxd4 Bxg2
9.Kxg2 O-O 10.e3 Qc8 11.b3 d5 12.cxd5 Bc3 13.Rb1 Bxd4 14.exd4 Nxd5 15.Qf3 Nc6
16.Bb2 Qa6 17.a3 Rac8 18.Rbc1 Nce7 19.Rc4 Nf5 20.Rfc1 Nd6 21.Rxc8 Rxc8 22.Rxc8+ Qxc8
23.Qd3 b5 24.a4 bxa4 25.Ba3 Qc6 26.Kg1 axb3 27.Qxb3 Nb5 28.Bc5 h6 29.Nc4 Ndc3
30.Bxa7 Qf3 31.Nd2 Qd3 32.Qb2 Nxa7 33.Qb8+ Kh7 34.Qxa7 Qxd2 35.Qxf7 Ne2+  0-1

[Event "Rapidplay"]
[Site "Liepaja LAT"]
[Date "2001.08.03"]
[Round "6"]
[White "Kengis,E"]
[Black "Shabalov,A"]
[Result "1/2-1/2"]
[WhiteElo "2572"]
[BlackElo "2574"]

1.Nf3 Nf6 2.c4 g5 3.g3 Bg7 4.Bg2 O-O 5.d4 d6 6.O-O Nc6 7.Nc3 a6 8.d5 Na5
9.b3 c5 10.dxc6 bxc6  1/2-1/2

[Event "Rapidplay"]
[Site "Liepaja LAT"]
[Date "2001.08.03"]
[Round "7"]
[White "Shabalov,A"]
[Black "Fridman,D"]
[Result "0-1"]
[WhiteElo "2574"]
[BlackElo "2562"]

1.e4 e5 2.Nf3 Nf6 3.d4 Nxe4 4.Bd3 d5 5.Nxe5 Nd7 6.Nxd7 Bxd7 7.O-O Bd6 8.c4 c6
9.Qc2 O-O 10.Bxe4 dxe4 11.Qxe4 Re8 12.Qd3 Qh4 13.h3 Re4 14.Bg5 Rxd4 15.Qc3 Qxg5
16.Qxd4 Bxh3 17.Qe4 f5 18.Qf3 Bg4 19.Qb3 Kh8 20.Qxb7 Rd8 21.Qxc6 Qf6 22.Qb7 Qh6
23.g3 f4 24.Qh1 Bh3 25.Nc3 fxg3 26.Qf3 Bg4  0-1

[Event "Rapidplay"]
[Site "Liepaja LAT"]
[Date "2001.08.04"]
[Round "11"]
[White "Shabalov,A"]
[Black "Sadvakasov,D"]
[Result "1/2-1/2"]
[WhiteElo "2574"]
[BlackElo "2568"]

1.d4 Nf6 2.Nf3 e6 3.Bg5 h6 4.Bh4 b6 5.e3 Bb7 6.Nbd2 g5 7.Bg3 Nh5 8.Be5 f6
9.Bd3 Kf7 10.Bg3 Nxg3 11.fxg3 d6 12.O-O Be7 13.Qe2 Qg8 14.Rf2 Ke8 15.e4 Nd7
16.a4 c5 17.c3 h5 18.a5 h4 19.g4 Kd8 20.Bb5 Nf8 21.axb6 axb6 22.Rxa8+ Bxa8
23.Nc4 Kc7 24.dxc5 bxc5 25.b4 Nd7 26.Qa2 Qb8 27.Qa5+ Nb6 28.bxc5 dxc5  1/2-1/2

[Event "I American Continental"]
[Site "Cali COL"]
[Date "2001.08.10"]
[Round "1"]
[White "Lorenzana,W"]
[Black "Shabalov,A"]
[Result "0-1"]
[WhiteElo "2176"]
[BlackElo "2574"]

1.e4 e5 2.Nf3 Nc6 3.Bc4 Be7 4.c3 Nf6 5.d3 O-O 6.a4 d5 7.exd5 Nxd5 8.O-O Bg4
9.h3 Bh5 10.a5 Kh8 11.Nbd2 f5 12.Qb3 Nf4 13.Qxb7 Rf6 14.Qb5 Rb8 15.Qa4 Rg6
16.g3 Nxh3+ 17.Kh2 Rh6 18.Kg2 Qd6 19.Re1 Qc5 20.Re3 e4 21.dxe4 f4 22.Nb3 Rxb3
23.Qxb3 fxe3 24.Bxe3 Nf4+  0-1

[Event "I American Continental"]
[Site "Cali COL"]
[Date "2001.08.11"]
[Round "2"]
[White "Shabalov,A"]
[Black "Echavarria,J"]
[Result "1-0"]
[WhiteElo "2574"]
[BlackElo "2372"]

1.e4 c5 2.Nf3 Nc6 3.Bb5 g6 4.O-O Bg7 5.c3 Nf6 6.Re1 O-O 7.h3 e5 8.a3 Ne8
9.b4 Nc7 10.Bf1 d6 11.d3 Ne6 12.Nbd2 Bd7 13.Bb2 Qc7 14.Rc1 b6 15.Nc4 f5 16.exf5 gxf5
17.d4 exd4 18.b5 dxc3 19.Rxc3 Ncd4 20.Nxd4 Nxd4 21.Rg3 Bxb5 22.Ne3 Bxf1 23.Nd5 Qd8
24.Re7 Rf7 25.Rxf7 Kxf7 26.Qh5+ Kg8 27.Bxd4 cxd4 28.Kxf1 Qf8 29.Nc7 f4 30.Qd5+ Kh8
31.Rxg7  1-0

[Event "I American Continental"]
[Site "Cali COL"]
[Date "2001.08.12"]
[Round "3"]
[White "Leyva,H"]
[Black "Shabalov,A"]
[Result "0-1"]
[WhiteElo "2428"]
[BlackElo "2574"]

1.d4 Nf6 2.c4 e6 3.Nc3 Bb4 4.Qc2 O-O 5.e4 d6 6.a3 Bxc3+ 7.bxc3 e5 8.Bd3 Re8
9.Ne2 Qe7 10.f3 c5 11.d5 Nbd7 12.Be3 Nf8 13.h4 h5 14.Kd2 Qc7 15.Rag1 b5 16.Ng3 bxc4
17.Bxc4 Qa5 18.Rb1 g6 19.Rb2 N8d7 20.Bb5 Ba6 21.Qa4 Qxa4 22.Bxa4 Nb6 23.Bb5 Bxb5
24.Rxb5 Nfd7 25.Kc2 Nc4 26.Bc1 Reb8 27.Rxb8+ Rxb8 28.Nf1 Ndb6 29.g4 hxg4
30.fxg4 Nd7 31.g5 Kg7 32.Ng3 a5 33.Kd3 Ncb6 34.h5 c4+ 35.Kc2 Na4 36.h6+ Kg8
37.Rf1 Ndc5 38.Rf6 Rb3 39.Rf3 Rb7 40.Rf6 Rb3 41.Rf3 Rb7 42.Rf6 Rb3 43.Rf3 Rb6
44.h7+ Kxh7 45.Rxf7+ Kg8 46.Rf6 Kg7 47.Nf5+ gxf5 48.exf5 Rb3 49.Rxd6 Rxc3+
50.Kd1 Rd3+ 51.Ke1 Nc3 52.Bd2 Nxd5 53.Bxa5 c3 54.Bxc3 Re3+ 55.Kf1 Nxc3 56.Rc6 N5e4
57.Rc7+ Kf8 58.Rc8+ Ke7 59.f6+ Nxf6 60.gxf6+ Kxf6 61.Rc4 Ke6 62.a4 Kd5 63.Rb4 Re4
64.Rb3 Nxa4 65.Kf2 Nc5  0-1

[Event "I American Continental"]
[Site "Cali COL"]
[Date "2001.08.14"]
[Round "5"]
[White "Sunye Neto,J"]
[Black "Shabalov,A"]
[Result "0-1"]
[WhiteElo "2558"]
[BlackElo "2574"]

1.Nf3 g6 2.c4 Bg7 3.Nc3 c5 4.g3 Nc6 5.Bg2 e5 6.O-O Nge7 7.a3 O-O 8.Rb1 a5
9.d3 d6 10.Bd2 h6 11.Ne1 Bg4 12.h3 Be6 13.Nd5 a4 14.e3 b5 15.Kh2 Rb8 16.b4 axb3
17.Rxb3 bxc4 18.dxc4 Qc8 19.Rxb8 Qxb8 20.Bc3 Qa7 21.Nc2 Qa6 22.Qd3 Nxd5 23.Bxd5 e4  0-1

[Event "I American Continental"]
[Site "Cali COL"]
[Date "2001.08.19"]
[Round "10"]
[White "Shabalov,A"]
[Black "Cabrera,A"]
[Result "0-1"]
[WhiteElo "2574"]
[BlackElo "2415"]

1.d4 Nf6 2.g3 e5 3.dxe5 Ng4 4.Nh3 Nxe5 5.Nf4 Bc5 6.Bg2 d6 7.O-O O-O 8.Nc3 a6
9.b3 Nbd7 10.Bb2 Rb8 11.Qd2 b5 12.a4 b4 13.Ncd5 c6 14.Ne3 Re8 15.Nf5 Nf6
16.Nd4 Qc7 17.Nd3 Bxd4 18.Bxd4 c5 19.Bb2 Bb7 20.Bxb7 Rxb7 21.Rad1 Ne4 22.Qe3 Ng4
23.Qf3 Qc8 24.Nf4 Rc7 25.h3 Nh6 26.Nd5 Ra7 27.h4 Qe6 28.Nf4 Qc8 29.Rd5 Rae7
30.Rd3 c4 31.bxc4 Qxc4 32.Nd5 Re6 33.Nf4 R6e7 34.Nd5 Re6 35.Ne3 Qa2 36.Bd4 Qxa4
37.Qf4 Qc6 38.Ra1 Rb8 39.Ra5 Rb5 40.Rxb5 Qxb5 41.f3 Nxg3 42.Qxg3 Rg6 43.Ng4 Nf5
44.Qf4 h5 45.Bf2 Qe5 46.Qc4 hxg4 47.h5 Qa1+ 48.Kh2 g3+ 49.Bxg3 Rg5 50.f4 Rxh5+
51.Kg2 g6 52.Qxb4 Rh1  0-1

[Event "I American Continental"]
[Site "Cali COL"]
[Date "2001.08.20"]
[Round "11"]
[White "Cuartas,C"]
[Black "Shabalov,A"]
[Result "0-1"]
[WhiteElo "2302"]
[BlackElo "2574"]

1.e4 e5 2.Nf3 Nc6 3.Bc4 Nf6 4.d3 Be7 5.c3 O-O 6.O-O h6 7.Nbd2 Re8 8.Re1 Bf8
9.Bb3 g6 10.d4 d6 11.h3 Bg7 12.a3 a6 13.dxe5 dxe5 14.Qc2 Nd7 15.Bc4 Nb6 16.Bf1 Be6
17.b4 Nb8 18.Bb2 c5 19.bxc5 N6d7 20.Nc4 Nxc5 21.a4 Qe7 22.Nfd2 Nbd7 23.Ne3 Nf6
24.c4 Rac8 25.Nd5  0-1

[Event "Aeroflot Open"]
[Site "Moscow RUS"]
[Date "2002.02.05"]
[Round "2"]
[White "Rashkovsky,N"]
[Black "Shabalov,A"]
[Result "1/2-1/2"]
[WhiteElo "2505"]
[BlackElo "2606"]

1.d4 Nf6 2.Nf3 e6 3.c4 b6 4.e3 Bb7 5.Nc3 g6 6.Bd3 d5 7.O-O Bg7 8.cxd5 exd5
9.b4 O-O 10.a4 c6 11.b5 c5 12.a5 Re8 13.Ne5 bxa5 14.Bd2 a6 15.b6 Nbd7 16.f4 cxd4
17.exd4 Qxb6 18.Ne2 Qa7 19.Rb1 Bc8 20.Nc6 Qc7 21.Qc2 Qd6 22.h3 Ne4 23.Bxa5 Ndc5
24.Rb6 Nxd3 25.Qxd3 Bd7 26.Rc1 Qf6 27.Ne5 Bb5 28.Qe3 Qe7 29.Nc3 Nxc3 30.Qxc3 f6
31.Nf3 Bh6 32.Qc5 Qf7 33.Qd6 Bc4 34.Qxf6 Bxf4 35.Bd2 Qxf6 36.Rxf6 Bg3 37.Bh6  1/2-1/2

[Event "Aeroflot Open"]
[Site "Moscow RUS"]
[Date "2002.02.09"]
[Round "7"]
[White "Shabalov,A"]
[Black "Yemelin,V"]
[Result "1-0"]
[WhiteElo "2606"]
[BlackElo "2522"]

1.d4 Nf6 2.c4 e6 3.Nf3 b6 4.Nc3 Bb4 5.Qb3 c5 6.a3 Ba5 7.Bg5 Bb7 8.e3 Qe7
9.Be2 d6 10.dxc5 dxc5 11.O-O-O Nbd7 12.Nb5 O-O 13.Nd6 Bc6 14.e4 e5 15.Nf5 Qe8
16.Bh6 g6 17.Nd6 Qe7 18.Bxf8 Rxf8 19.Qc2 Nh5 20.g3 Ndf6 21.Ng5 h6 22.Bxh5 Nxh5
23.Nf3 Nf6 24.Nh4 Rd8 25.Ndf5 gxf5 26.Nxf5 Rxd1+ 27.Rxd1 Qf8 28.f3 Bd7 29.g4 Bxf5
30.exf5 Qg7 31.h4 e4 32.g5 hxg5 33.fxe4 gxh4 34.e5 Ng4 35.Rd8+ Kh7 36.f6+ Qg6
37.e6 b5 38.Qxg6+ fxg6 39.e7 Nxf6 40.Rf8  1-0

[Event "Aeroflot Open"]
[Site "Moscow RUS"]
[Date "2002.02.09"]
[Round "7"]
[White "Shabalov,A"]
[Black "Yemelin,V"]
[Result "1-0"]
[WhiteElo "2606"]
[BlackElo "2522"]

1.d4 Nf6 2.c4 e6 3.Nf3 b6 4.Nc3 Bb4 5.Qb3 c5 6.a3 Ba5 7.Bg5 Bb7 8.e3 Qe7
9.Be2 d6 10.dxc5 dxc5 11.O-O-O Nbd7 12.Nb5 O-O 13.Nd6 Bc6  1-0

[Event "III Millennium"]
[Site "Virginia Beach USA"]
[Date "2002.03.03"]
[Round "5"]
[White "Ivanov,AV"]
[Black "Shabalov,A"]
[Result "0-1"]
[WhiteElo "2578"]
[BlackElo "2606"]

1.e4 e5 2.Nf3 Nc6 3.Bb5 a6 4.Ba4 Nf6 5.O-O Be7 6.Bxc6 dxc6 7.d3 Nd7 8.Nbd2 O-O
9.Nc4 f6 10.Nh4 Nc5 11.Qf3 Rf7 12.Nf5 Bf8 13.Be3 Ne6 14.h4 b5 15.Nd2 c5 16.Qg3 Kh8
17.h5 Rd7 18.Nf3 Qe8 19.Qh4 Bb7 20.Nh2 c4 21.dxc4 bxc4 22.c3 Rad8 23.f3 Qf7
24.Ng4 Bc6 25.Nf2 Rb8 26.Rfb1 Nc5 27.g4 h6 28.Qh2 Na4 29.Nd1 Rbd8 30.b3 Nc5
31.Qc2 a5 32.Nf2 Kg8 33.Kg2 Bb5 34.b4 axb4 35.Rxb4 c6 36.Rbb1 Ra8 37.Bxc5 Bxc5
38.a4 Rda7 39.a5 Rxa5 40.Rxa5 Rxa5 41.Rd1 Ra8 42.Rd2 Qe8 43.Nh1 Ba4 44.Qc1 Bb3
45.Nhg3 Kh7 46.Kh3 Ra7 47.Qe1 Rd7 48.Rxd7 Qxd7 49.Qa1 Bd1 50.Nh4 Qd2 51.Nf1 Qe2
52.Ng3 Qc2 53.Nf1 Bg1  0-1

[Event "National Open"]
[Site "Las Vegas USA"]
[Date "2002.03.10"]
[Round "6"]
[White "Chase,C"]
[Black "Shabalov,A"]
[Result "0-1"]
[WhiteElo "2341"]
[BlackElo "2606"]

1.e4 e5 2.Nf3 Nc6 3.Bb5 a6 4.Bxc6 dxc6 5.O-O Qd6 6.d3 f6 7.Be3 Bg4 8.Nbd2 Ne7
9.Qe2 Ng6 10.h3 Bd7 11.c3 Be7 12.d4 O-O 13.Rfd1 Rad8 14.Nb3 Qe6 15.Qc2 Qf7
16.Qe2 h6 17.Rd2 exd4 18.Nfxd4 Rfe8 19.Na5 Bc8 20.Nf5 Rxd2 21.Qxd2 Bf8 22.f3 Ne5
23.Bf2 c5 24.Ne3 b6 25.Nb3 Be6 26.Qc2 Bd6 27.Nd2 Ng6 28.Ndf1 Nf4 29.Bg3 Qg6
30.Kh2 Qh5 31.Bxf4 Bxf4+ 32.g3 Bd6 33.f4 Bd7  0-1

[Event "2nd China-USA Summit"]
[Site "Shanghai CHN"]
[Date "2002.07.11"]
[Round "1"]
[White "Zhang Pengxiang"]
[Black "Shabalov,A"]
[Result "0-1"]
[WhiteElo "2550"]
[BlackElo "2624"]

1.e4 c5 2.Nf3 d6 3.d4 cxd4 4.Nxd4 Nf6 5.Nc3 g6 6.Be3 Bg7 7.f3 Nc6 8.Qd2 h5
9.O-O-O Bd7 10.Kb1 a6 11.Nd5 O-O 12.Nxf6+ Bxf6 13.h4 Qb6 14.c3 Qa5 15.Nb3 Qa4
16.g4 hxg4 17.h5 Ne5 18.Nd4 gxf3 19.b3 Qa5 20.hxg6 fxg6 21.Bf4 Rac8 22.Bxe5 Qxe5
23.Bc4+ Rxc4 24.bxc4 Bc6 25.Kb2 Bxe4 26.Rde1 Bg5 27.Qf2 Rf4 28.Rh3 Bf6 29.Re3 Qc5
30.Nb3 Qxc4 31.Qh2 f2  0-1

[Event "2nd China-USA Summit"]
[Site "Shanghai CHN"]
[Date "2002.07.14"]
[Round "3"]
[White "Xie Jun"]
[Black "Shabalov,A"]
[Result "1/2-1/2"]
[WhiteElo "2562"]
[BlackElo "2624"]

1.e4 e5 2.Nf3 Nc6 3.Bb5 a6 4.Ba4 Nf6 5.O-O Be7 6.Re1 b5 7.Bb3 d6 8.c3 O-O
9.h3 Na5 10.Bc2 c5 11.d4 Qc7 12.Nbd2 Rd8 13.d5 c4 14.Nf1 Nb7 15.Ng3 a5 16.Be3 Nc5
17.Nd2 Rb8 18.Rc1 g6 19.Rf1 Nfd7 20.b4 cxb3 21.axb3 b4 22.cxb4 Rxb4 23.Nc4 Ba6
24.Bd2 Bxc4 25.bxc4 Rxc4 26.Qe2 Nb7  1/2-1/2

[Event "6th OIBM"]
[Site "Bad Wiessee GER"]
[Date "2002.10.28"]
[Round "3"]
[White "Shabalov,A"]
[Black "Wippermann,T"]
[Result "1-0"]
[WhiteElo "2621"]
[BlackElo "2354"]

1.d4 Nf6 2.c4 e5 3.dxe5 Ng4 4.Bf4 Nc6 5.Nf3 Bb4+ 6.Nc3 Qe7 7.Qd5 Bxc3+ 8.bxc3 f6
9.exf6 Nxf6 10.Qd3 d6 11.g3 b6 12.Bg2 Bb7 13.O-O Na5 14.Rfe1 O-O 15.e4 Nh5
16.Bc1 Qf7 17.c5 dxc5 18.Qc2 h6 19.Ne5 Qe6 20.f4 Rfe8 21.Qe2 Nf6 22.Qf1 Rad8
23.Bh3 Qe7 24.Bf5 Qf8 25.Rb1 Bc8 26.Bg6 Re7 27.Rb2 Bb7 28.Rf2 Rd6 29.Bf5 Qa8
30.Qg2 Rd8 31.g4 Bc8 32.g5 hxg5 33.fxg5 Ne8 34.Ng6 Rf7 35.Qh3  1-0

[Event "6th OIBM"]
[Site "Bad Wiessee GER"]
[Date "2002.10.29"]
[Round "4"]
[White "Hertneck,G"]
[Black "Shabalov,A"]
[Result "1/2-1/2"]
[WhiteElo "2502"]
[BlackElo "2621"]

1.d4 d5 2.c4 e6 3.Nf3 Nf6 4.g3 dxc4 5.Bg2 Nc6 6.O-O a6 7.a4 Rb8 8.Nc3 Be7
9.e3 Nd5 10.e4 Nxc3 11.bxc3 O-O 12.Be3 Na5 13.Ra2 Bd7 14.Qe2 Qe8 15.Qc2 Nb3
16.a5 Rd8 17.Rb1 Bb5 18.e5 c5 19.dxc5 Nxc5 20.Nd4 Ba4 21.Qe2 Bb3 22.Nxb3 cxb3
23.Ra3 Rd7 24.Bxc5 Bxc5 25.Raxb3 Qd8 26.R3b2 Qxa5 27.Bxb7 g6  1/2-1/2

[Event "6th OIBM"]
[Site "Bad Wiessee GER"]
[Date "2002.11.01"]
[Round "7"]
[White "Shabalov,A"]
[Black "Farago,I"]
[Result "1/2-1/2"]
[WhiteElo "2621"]
[BlackElo "2474"]

1.d4 Nf6 2.c4 e6 3.Nf3 d5 4.Nc3 Bb4 5.cxd5 exd5 6.Bg5 h6 7.Bh4 c6 8.e3 g5
9.Bg3 Ne4 10.Qb3 Qb6 11.Rc1 Bf5 12.Be2 Nd7 13.O-O Bxc3 14.bxc3 Qxb3 15.axb3 h5
16.Rfd1 h4 17.Bc7 Rc8 18.Ba5 g4 19.Nd2 Ndf6 20.c4 Kd7 21.Nxe4 Nxe4 22.Be1 h3
23.cxd5 cxd5 24.f3 gxf3 25.gxf3 Rhg8+ 26.Kf1 Nd6 27.Rc5 Bc2 28.Ra1 Bxb3 29.Rxa7 Ra8
30.Rxa8 Rxa8 31.e4 Ra2 32.exd5 Nf5 33.Bb5+ Kd8 34.d6 Be6 35.Bd3 Nxd4 36.Bh4+ Ke8
37.Bg3 Nxf3 38.Bb5+ Kf8 39.d7 Bxd7 40.Bxd7 Nd2+ 41.Ke1 Nf3+ 42.Kf1 Nd2+  1/2-1/2

[Event "6th OIBM"]
[Site "Bad Wiessee GER"]
[Date "2002.11.03"]
[Round "9"]
[White "Naumann,A"]
[Black "Shabalov,A"]
[Result "1/2-1/2"]
[WhiteElo "2513"]
[BlackElo "2621"]

1.e4 c5 2.Nf3 d6 3.d4 cxd4 4.Nxd4 Nf6 5.Nc3 g6 6.Be3 Bg7 7.f3 Nc6 8.Qd2 h5
9.Bc4 Bd7 10.Bb3 Rc8 11.O-O-O Na5 12.Kb1 Nc4 13.Bxc4 Rxc4 14.Rhe1 O-O 15.Nb3 Qc7
16.Bh6 Bxh6 17.Qxh6 Rc8 18.Qg5 a6 19.e5 dxe5 20.Rxe5 Bf5 21.Rxf5 Nh7 22.Qe3 Rxc3
23.Qxc3 gxf5 24.Qd3 e6 25.g3 b5 26.c3 Qc4 27.Qxc4 bxc4 28.Na5 Ng5 29.f4 Nf3
30.h3 f6 31.Rd6 Kf7 32.Rxa6 e5 33.Rc6 Rxc6 34.Nxc6 Ke6 35.Kc2 Ng1 36.a4 Kd6
37.Nd8 Nxh3 38.a5 Kc5 39.a6 Kb6 40.fxe5 fxe5 41.a7 Kxa7 42.Nc6+ Ka6 43.Nxe5 Nf2
44.Nxc4 Ne4 45.Ne3 Nxg3  1/2-1/2

[Event "33rd NCC"]
[Site "Philadelphia USA"]
[Date "2002.12.01"]
[Round "5"]
[White "Gersov,E"]
[Black "Shabalov,A"]
[Result "0-1"]
[WhiteElo "2338"]
[BlackElo "2621"]

1.e4 c5 2.Nf3 Nc6 3.Bb5 e6 4.Bxc6 bxc6 5.d3 Qc7 6.O-O Ne7 7.b3 Ng6 8.Bb2 e5
9.Nc3 Be7 10.Ne2 O-O 11.Ng3 d6 12.Nf5 Bf6 13.Nd2 Be6 14.g3 Qd7 15.f4 d5 16.fxe5 Bxe5
17.Bxe5 Nxe5 18.Qe2 f6 19.Rf2 a5 20.Nf1 a4 21.Rc1 axb3 22.axb3 Ra2 23.Qd2 g6
24.N5e3 dxe4 25.dxe4 Qd4 26.Qxd4 cxd4 27.Ng2 Bxb3 28.Nf4 Bf7 29.Nd3 Bc4 30.Nxe5 fxe5
31.Rxf8+ Kxf8 32.Nd2 Be2 33.Kf2 Bd3 34.Nf3 Bxc2 35.Nxe5 Bxe4+ 36.Ke1 d3 37.Rc3 Re2+
38.Kd1 Bf5 39.Nxc6 Bg4 40.Rxd3 Re6+ 41.Kd2 Rxc6  0-1

[Event "North American Open"]
[Site "Las Vegas USA"]
[Date "2002.12.29"]
[Round "6"]
[White "Sevillano,E"]
[Black "Shabalov,A"]
[Result "0-1"]
[WhiteElo "2486"]
[BlackElo "2621"]

1.e4 e5 2.Nf3 Nc6 3.d4 exd4 4.Nxd4 Nf6 5.Nxc6 bxc6 6.Nc3 d5 7.exd5 cxd5 8.Bb5+ Bd7
9.O-O c6 10.Bd3 Be7 11.Bg5 O-O 12.Re1 h6 13.Bh4 Re8 14.h3 Qb6 15.Rb1 Qb4
16.Bg3 Nh7 17.a3 Qb7 18.b4 Ng5 19.Na4 Ne6 20.Be5 Qc8 21.Qh5 Qd8 22.Re3 Bg5
23.Rf3 f6 24.Bc3 Nf4 25.Rxf4 Bxf4 26.Nc5 Be5 27.Bd2 f5 28.Nxd7 Qxd7 29.Bxf5 Qd6
30.Qg4 Re7 31.Be3 d4 32.Bd2 Rf8 33.Rf1 Qf6 34.Bd3 Kh8 35.f4 Bc7 36.Qh5 Qd6
37.Rf3 Rf6 38.Rf1 Ref7 39.Qg4 g5 40.g3 gxf4 41.Rxf4 Rg7 42.Rxf6 Rxg4 43.Rxh6+ Qxh6
44.Bxh6 Rxg3+ 45.Kf2 Rxh3 46.Bf8 Kg8 47.Bc5 Bb6 48.Bd6 Kf7 49.Ke2 Ke6 50.Bb8 Rh8
51.Bf4 Rf8 52.Bh6 Rh8 53.Bf4 Rh1 54.a4 a5 55.b5 c5 56.Bc4+ Kf5 57.Bd6 Ra1
58.Bb3 Ke4 59.Kd2 Rg1 60.Bc4 Rh1 61.Be7 Rh3 62.Bf7 Rg3 63.Bf8 Rf3 64.Bg6+ Kd5
65.Be7 c4 66.Kc1 Ke6 67.Bh4 Ra3 68.Bh7 Rxa4 69.Bg8+ Kd6  0-1

[Event "GMA"]
[Site "Bermuda BER"]
[Date "2003.01.25"]
[Round "1"]
[White "Shabalov,A"]
[Black "Christiansen,L"]
[Result "1/2-1/2"]
[WhiteElo "2613"]
[BlackElo "2562"]

1.d4 d5 2.c4 e6 3.Nf3 a6 4.cxd5 exd5 5.Nc3 c6 6.Qc2 Bg4 7.Ne5 Be6 8.Qb3 Ra7
9.e4 Nf6 10.Bg5 dxe4 11.Bc4 Bxc4 12.Qxc4 b5 13.Qe2 Qxd4 14.Ng4 Qd3 15.Nxf6+ gxf6
16.Bxf6 Qxe2+ 17.Kxe2 Rg8 18.Nxe4 Nd7 19.Rac1 Rg4 20.f3 Rxe4+ 21.fxe4 Nxf6
22.Rxc6 Nxe4 23.a4 b4 24.Rd1 Ng5 25.Rc8+ Ke7 26.Rdd8 Bg7 27.Ra8 Rc7 28.Re8+ Kd7
29.Red8+ Ke7 30.Re8+ Kd7  1/2-1/2

[Event "GMA"]
[Site "Bermuda BER"]
[Date "2003.01.26"]
[Round "2"]
[White "Shabalov,A"]
[Black "Vescovi,G"]
[Result "0-1"]
[WhiteElo "2613"]
[BlackElo "2592"]

1.d4 Nf6 2.c4 e6 3.Nf3 d5 4.Nc3 Be7 5.Qc2 O-O 6.cxd5 exd5 7.Bg5 c6 8.e3 Nbd7
9.Bd3 Re8 10.h3 Nf8 11.Bf4 Bd6 12.Bxd6 Qxd6 13.O-O-O Be6 14.Kb1 Rac8 15.Rc1 b6
16.g4 N6d7 17.Ng5 h6 18.Nxe6 Nxe6 19.h4 c5 20.Ba6 Rcd8 21.Rcd1 cxd4 22.exd4 Ndf8
23.Rh3 Nc7 24.Bd3 Nfe6 25.g5 hxg5 26.hxg5 Nxg5 27.Rh5 Qf6 28.f4 Qxf4 29.Rdh1 Kf8
30.Qg2 Nge6 31.Rf1 Qe3 32.Bg6 Nf4 33.Rh8+ Ke7 34.Qg5+ Kd6 35.Rxf4 Rxh8 36.Bc2 Rh1+
37.Bd1 Ne6  0-1

[Event "GMA"]
[Site "Bermuda BER"]
[Date "2003.01.29"]
[Round "5"]
[White "Gershon,A"]
[Black "Shabalov,A"]
[Result "1-0"]
[WhiteElo "2571"]
[BlackElo "2613"]

1.d4 Nf6 2.c4 g6 3.Nc3 d5 4.Nf3 Bg7 5.Bf4 O-O 6.Rc1 c5 7.dxc5 dxc4 8.e4 Qa5
9.e5 Rd8 10.Bd2 Ng4 11.Bxc4 Qxc5 12.Ne4 Qb6 13.Bxf7+ Kxf7 14.Nfg5+ Ke8 15.Rxc8 Rxc8
16.Qxg4 Nd7 17.Nd6+  1-0

[Event "Aeroflot Open"]
[Site "Moscow RUS"]
[Date "2003.02.12"]
[Round "2"]
[White "Shabalov,A"]
[Black "Kulaots,K"]
[Result "0-1"]
[WhiteElo "2613"]
[BlackElo "2513"]

1.d4 Nf6 2.c4 e6 3.Nf3 b6 4.Nc3 Bb7 5.a3 d5 6.cxd5 Nxd5 7.Qc2 Nxc3 8.bxc3 Nd7
9.e4 c5 10.Bb5 Bd6 11.dxc5 bxc5 12.O-O Qc7 13.Rd1 Bc6 14.c4 Ne5 15.Nxe5 Bxe5
16.Qa4 Bxb5 17.Qxb5+ Ke7 18.Bg5+ f6 19.Be3 Rhc8 20.Rab1 Rab8 21.Qa4 Bxh2+
22.Kh1 Rxb1 23.Rxb1 Bd6 24.Qd1 Rb8 25.Rc1 a6 26.Qg4 Kf7 27.Qh4 h5 28.f4 f5
29.exf5 exf5 30.Qf2 Be7 31.Rd1 Qc6 32.Rd5 Rb1+ 33.Kh2 Qf6 34.Rd7 Qa1 35.Qd2 Rh1+
36.Kg3 h4+ 37.Kf3 Qf1+ 38.Bf2 Qxc4 39.Qe3 Qe6 40.Qxe6+ Kxe6 41.Ra7 Ra1 42.a4 Ra3+
43.Ke2 Ra2+ 44.Kf3 Bd6 45.Rxa6 Kd5 46.Be3 Ra3 47.Ra8 g5  0-1

[Event "4th Millennium Festival"]
[Site "Virginia Beach USA"]
[Date "2003.03.29"]
[Round "2"]
[White "Fink,S"]
[Black "Shabalov,A"]
[Result "1/2-1/2"]
[WhiteElo "2171"]
[BlackElo "2613"]

1.d4 Nf6 2.c4 g6 3.Nc3 d5 4.Nf3 Bg7 5.cxd5 Nxd5 6.Bd2 Nb6 7.Qc1 h6 8.e4 Bg4
9.Ne5 Be6 10.d5 Bxe5 11.dxe6 fxe6 12.Bb5+ c6 13.Be2 N8d7 14.O-O Qc7 15.h3 Nf6
16.a4 a5 17.Be3 g5 18.Qc2 Nbd7 19.Rfd1 Bh2+ 20.Kh1 Bf4 21.e5 Nxe5 22.Nb5 Qc8
23.Bxf4 gxf4 24.Nd4 Kf7 25.Re1 c5 26.Nf3 Nxf3 27.Bxf3 Rd8 28.Re5 Rd6 29.Rxc5 Qd8
30.Re1 Kg7 31.Qc4 Qb6 32.Rc7 Re8 33.Rxb7 Qxf2  1/2-1/2

[Event "4th Millennium Festival"]
[Site "Virginia Beach USA"]
[Date "2003.03.29"]
[Round "3"]
[White "Shabalov,A"]
[Black "Privman,B"]
[Result "1-0"]
[WhiteElo "2613"]
[BlackElo "2224"]

1.e4 d6 2.d4 e5 3.Nf3 Nd7 4.Nc3 Ngf6 5.Bc4 Be7 6.O-O O-O 7.Re1 c6 8.a4 b6
9.d5 Bb7 10.dxc6 Bxc6 11.Bg5 Qc8 12.Ba2 a6 13.Nh4 g6 14.Qf3 Kg7 15.Rad1 h6
16.Bc1 Nc5 17.h3 Nfxe4 18.Nxe4 Nxe4 19.Rxe4 Bxe4 20.Qxe4 f5 21.Qb4 a5 22.Qb5 Bxh4
23.Rxd6 Rd8 24.Qxe5+ Kh7 25.Bf7 Qc7 26.Bxg6+ Kg8 27.Qe6+ Kg7 28.Bxh6+  1-0

[Event "12th Chicago Open"]
[Site "Oak Brook USA"]
[Date "2003.05.26"]
[Round "6"]
[White "Shabalov,A"]
[Black "Kaidanov,G"]
[Result "1-0"]
[WhiteElo "2592"]
[BlackElo "2640"]

1.d4 d5 2.c4 e6 3.Nf3 Nf6 4.Nc3 Be7 5.Bg5 h6 6.Bh4 dxc4 7.e3 O-O 8.Bxc4 c5
9.O-O cxd4 10.Nxd4 Bd7 11.Qe2 Nc6 12.Rfd1 Qb6 13.Nf3 Rfd8 14.e4 Be8 15.e5 Nh7
16.Bxe7 Nxe7 17.Ne4 Bc6 18.Nd6 Ng6 19.Nd4 Nhf8 20.Nxc6 bxc6 21.Bb3 Qc5 22.Nc4 Rd5
23.Rac1 Rad8 24.Re1 Nf4 25.Qe3 Nd3 26.Qxc5 Rxc5 27.Rcd1 Rdd5 28.Re3 Nf4 29.Re4 g5
30.g3 N4g6 31.Rde1 Nd7 32.f4 gxf4 33.gxf4 Rd3 34.Nd6 Rd2 35.Nc4 Rd3 36.Rf1 Nh4
37.Re3 Rcd5 38.Rg3+ Rxg3+ 39.hxg3 Nf5 40.Nd6 Rd3 41.Nxf5 exf5 42.Rd1 Nc5
43.Rxd3 Nxd3 44.Kf1 Kf8 45.Ba4 Nxb2 46.Bxc6 Nd1 47.Ke1 Nc3 48.a4 Ke7 49.Kd2 Na2
50.Bf3 f6 51.exf6+ Kxf6 52.Kd3 Ke6 53.Kc4 Kd6 54.Be2 Ke6 55.Bf1 a5 56.Kb5 Kd6
57.Kxa5 Nc3 58.Bd3 Kc5 59.Bxf5 Ne2 60.Bd3 Nxg3 61.f5 h5 62.f6 Kd6 63.Kb6 h4
64.a5 h3 65.Bb5 Ne4 66.Bc6 Nd2 67.f7 Ke7 68.a6 Nc4+ 69.Kc5  1-0

[Event "Curacao Sedreko Open"]
[Site "Willemstad AHO"]
[Date "2003.07.30"]
[Round "5"]
[White "Stefanova,A"]
[Black "Shabalov,A"]
[Result "1/2-1/2"]
[WhiteElo "2503"]
[BlackElo "2575"]

1.d4 d5 2.c4 e6 3.Nf3 Nf6 4.g3 dxc4 5.Qa4+ Bd7 6.Qxc4 Bc6 7.Bg2 Be7 8.Bg5 Nbd7
9.O-O O-O 10.Nc3 h6 11.Bxf6 Nxf6 12.Rfe1 Ne4 13.Ne5 Nd6 14.Nxc6 Nxc4 15.Nxd8 Rfxd8
16.e3 c6  1/2-1/2

[Event "US Open"]
[Site "Los Angeles USA"]
[Date "2003.08.05"]
[Round "3"]
[White "Shabalov,A"]
[Black "Karklins,A"]
[Result "1-0"]
[WhiteElo "2575"]
[BlackElo "2287"]

1.e4 c5 2.Nf3 Nc6 3.d4 cxd4 4.Nxd4 g6 5.c4 Bg7 6.Be3 Nf6 7.Nc3 O-O 8.Be2 b6
9.O-O Bb7 10.Nxc6 Bxc6 11.f3 d6 12.Qd2 Qd7 13.Rfd1 Rfc8 14.Bf1 Qe8 15.a4 Nd7
16.a5 bxa5 17.Rxa5 a6 18.Nd5 Bb7 19.b4 Rab8 20.Ba7 Ra8 21.Bf2 Rab8 22.c5 Rc6
23.cxd6 exd6 24.b5 axb5 25.Bxb5 Ne5 26.Bxc6 Bxc6 27.Qg5 Kh8 28.Qe7 Qc8 29.Nb6 Qg8
30.Qxd6 f5 31.Rxe5  1-0

[Event "US Open"]
[Site "Los Angeles USA"]
[Date "2003.08.10"]
[Round "6"]
[White "Goletiani,R"]
[Black "Shabalov,A"]
[Result "0-1"]
[WhiteElo "2314"]
[BlackElo "2575"]

1.Nf3 d5 2.b3 Bg4 3.g3 Nd7 4.Bb2 e6 5.Bg2 Ngf6 6.d3 Bc5 7.Nbd2 Qe7 8.a3 e5
9.e4 dxe4 10.dxe4 O-O 11.O-O a5 12.h3 Bh5 13.Qe2 Ne8 14.Nc4 f6 15.Qd2 Bf7
16.Nxa5 Nd6 17.Nh4 g6 18.b4 Ba7 19.a4 Rfd8 20.Qc1 c5 21.Rd1 cxb4 22.Rxd6 Bxf2+
23.Kh2 Rxa5 24.Qd1 Bd4 25.Rxd4 exd4 26.Qxd4 Ne5 27.Qf2 Rd6 28.Nf3 b6 29.Nxe5 fxe5
30.Rf1 Rc5 31.Bc1 Qc7 32.Bh6 Rxc2 33.Qf3 b3 34.Kh1 b2 35.Qa3 Qd8 36.Qf3 Rf6  0-1

[Event "US Open"]
[Site "Los Angeles USA"]
[Date "2003.08.14"]
[Round "11"]
[White "Shabalov,A"]
[Black "Saidy,A"]
[Result "1-0"]
[WhiteElo "2575"]
[BlackElo "2332"]

1.e4 e5 2.Nf3 Nc6 3.Bb5 a6 4.Ba4 d6 5.Bxc6+ bxc6 6.d4 exd4 7.Qxd4 Bg4 8.Nc3 Ne7
9.Bg5 Qd7 10.Bxe7 Qxe7 11.O-O-O Bxf3 12.gxf3 Qg5+ 13.Kb1 Be7 14.Rhg1 Qf6
15.Qa4 O-O 16.Qxc6 Qxf3 17.Nd5 Bf6 18.e5  1-0